| 000 | 00605cam a22002053a 4500 | ||
|---|---|---|---|
| 001 | 35099 | ||
| 003 | PGUSA | ||
| 005 | 20140828083745.0 | ||
| 008 | 110128s2011||||xxu|||||s|||||000 | eng d | ||
| 040 |
_aPGUSA _beng |
||
| 042 | _adc | ||
| 100 | 1 | _aSmith, William Benjamin | |
| 245 | 1 | 4 |
_aThe Color Line : _bA Brief in Behalf of the Unborn _h[electronic resource] / _cWilliam Benjamin Smith |
| 260 |
_bProject Gutenberg, _c2011 |
||
| 506 | _aPublic domain in the USA. | ||
| 516 | _aElectronic text | ||
| 830 | 0 |
_aProject Gutenberg _v35099 |
|
| 856 | 4 | 0 | _uhttp://www.gutenberg.org/ebooks/35099 |
| 942 | _cEB | ||
| 999 |
_c264354 _d264354 |
||